|
|
|
|
| LEADER |
00000cam a2200000 a 4500 |
| 001 |
vtls001471211 |
| 003 |
SK-MaSNL |
| 005 |
20260302073503.0 |
| 008 |
240226s2002 hu o grb 000 0 slo |
| 015 |
|
|
|a SNBZSA2004-00004
|
| 020 |
|
|
|q (brožované)
|
| 035 |
|
|
|a SNK000426514
|
| 035 |
|
|
|a urn:nbn:sk:snk-am3ixnw
|
| 035 |
|
|
|a 24D1057E-32C0-417C-AEFA-B929ABC0F318
|
| 035 |
|
|
|a urn:nbn:sk:snk-am00g60j
|
| 040 |
|
|
|a SNK
|b slo
|c SNK
|e AACR2
|
| 041 |
1 |
|
|a slo
|a hun
|h hun
|
| 043 |
|
|
|a e-hu---
|
| 044 |
|
|
|a hu
|c HU
|
| 072 |
|
7 |
|a 01
|x Bibliografia. Katalógy
|2 konspekt
|
| 072 |
|
7 |
|a 82
|x Literatúra. Literárny život
|2 konspekt
|
| 072 |
|
7 |
|a 821.162.4.09
|x Slovenská literatúra (o nej)
|2 konspekt
|
| 080 |
|
|
|a 82:01:821.162.4 (439)=511.411
|2 1997
|
| 080 |
|
|
|a 016:821.162.4 (439)"1955/2002"
|2 1997
|
| 080 |
|
|
|a 821.162.4 (439)"1955/2002"
|2 1997
|
| 080 |
|
|
|a 821.162.4
|2 2011
|
| 080 |
|
|
|a 821.162.4-051
|2 2011
|
| 080 |
|
|
|a (439)
|2 2011
|
| 080 |
|
|
|a (01)
|2 2011
|
| 245 |
0 |
0 |
|a Bibliografia beletristických publikácií slovenských spisovateľov v Maďarsku
|b 1955-2002
|c [zostavovateľ: Gregor Papuček ; foto: Imrich Fuhl ; preklad: Tóth Mária]
|
| 246 |
1 |
1 |
|a Magyarországi szlovák írók szépirodalmi műveinek bibliográfiája
|b 1955-2002
|
| 250 |
|
|
|a 1. vyd.
|
| 260 |
|
|
|a Budapest
|b Magyar Művelődési Intézet Nemzetiségi Osztály
|c 2002
|
| 300 |
|
|
|a 125 strán
|b fotografie
|c 21 cm
|
| 366 |
|
|
|e 320 kusov
|
| 500 |
|
|
|a Názov súbežne maďarsky ; preložené z maďarčiny
|
| 546 |
|
|
|a Text slovensky, súbežne maďarsky
|
| 648 |
|
7 |
|a 1955-2002
|2 SNKPH
|9 737955
|
| 650 |
0 |
7 |
|a slovenská literatúra
|2 SNKPH
|9 1115
|
| 650 |
0 |
7 |
|a slovenskí spisovatelia
|2 SNKPH
|9 1258
|
| 651 |
|
7 |
|a Maďarsko
|2 SNKPHgeo
|9 16754
|
| 655 |
|
7 |
|a bibliografie
|2 SNKPH
|9 28668
|
| 655 |
|
7 |
|a neperiodické bibliografie
|2 SNKPH
|9 60408
|
| 700 |
1 |
|
|a Tóth, Mária
|4 trl
|9 737956
|
| 700 |
1 |
|
|a Fuhl, Imrich,
|d 1961-
|4 pht
|9 24314
|
| 700 |
1 |
|
|a Papuček, Gregor,
|d 1938-
|4 com
|9 13992
|
| 958 |
|
|
|a TL
|
| 958 |
|
|
|a HU
|
| 958 |
|
|
|a OP
|
| 958 |
|
|
|a ZS
|
| 958 |
|
|
|a BX
|
| 958 |
|
|
|a OND
|
| 999 |
|
|
|c 1161025
|d 1162955
|
| 952 |
|
|
|t P60, <03>, [BOOK], {603}, -B-
|a SNK
|b SNK
|y PREZ
|7 0
|p 17A0426254
|o snkSC 115795
|i snkV 747/2004
|g 5.28
|0 0
|1 0
|4 0
|d 2004-03-17
|f 1
|l 0
|r 2025-10-16 00:00:00
|w 2026-02-24
|